000 00650nam a2200181Ia 4500
008 090124s9999 xx 000 0 und d
082 _b15244
_a1353
100 _aबागल माधव खंडेराव
245 _a बहुजनसमाजाचे शिल्पकार
250 _a1
260 _c1966
300 _a203+17
600 _aबागल माधव खंडेराव
630 _a बहुजनसमाजाचे शिल्पकार
700 _aबागल माधव खंडेराव
730 _a बहुजनसमाजाचे शिल्पकार
942 _cBOOK
999 _c129184
_d129184